[Event "6th Africa-ch"]
[Site "Windhoek NAM"]
[Date "2007.09.09"]
[Round "9"]
[White "Niazi, Nehad"]
[Black "Chimthere, Alfred"]
[Result "1/2-1/2"]
[WhiteElo "2239"]
[BlackElo "1968"]
[EventDate "2007.09.01"]
[PlyCount "92"]

1.d4 Nf6 2.c4 e6 3.Nc3 d5 4.cxd5 exd5 5.Bg5 Be7 6.e3 c6 7.Qc2 Be6 8.Bd3 
Nbd7 9.Nge2 h6 10.Bh4 g5 11.Bg3 Nh5 12.O-O-O Qa5 13.Kb1 Bb4 14.Bf5 O-O-O 
15.Bxe6 fxe6 16.Qg6 Nhf6 17.h4 g4 18.Rc1 Rde8 19.Rc2 h5 20.Rhc1 Rh7 21.Qg5
Rg8 22.Qf4 Rf8 23.a3 Bxc3 24.b4 Bxb4 25.axb4 Qb6 26.Qd6 Ne4 27.Qxe6 Rf6 
28.Qg8+ Nf8 29.Rb2 Qb5 30.Nf4 Rhf7 31.Nxh5 Qd3+ 32.Ka2 Nd2 33.Qxg4+ Kd8 
34.b5 Nc4 35.Rxc4 Qxc4+ 36.Ka1 Qc1+ 37.Ka2 Qc4+ 38.Kb1 Qf1+ 39.Ka2 Qc4+ 
40.Ka3 Qc3+ 41.Ka2 Qa5+ 42.Kb1 Qe1+ 43.Ka2 Qa5+ 44.Kb1 Qe1+ 45.Ka2 Qa5+ 
46.Kb1 Qe1+ 1/2-1/2

[Event "6th Africa-ch"]
[Site "Windhoek NAM"]
[Date "2007.09.09"]
[Round "9"]
[White "Onabogun, Kolade"]
[Black "Chumfwa, Stanley"]
[Result "0-1"]
[WhiteElo "1890"]
[BlackElo "2329"]
[EventDate "2007.09.01"]
[PlyCount "57"]

1.e4 e5 2.Nf3 Nc6 3.Bb5 a6 4.Ba4 Nf6 5.d3 b5 6.Bb3 Be7 7.O-O d6 8.c3 O-O 
9.Re1 h6 10.Nbd2 Re8 11.a4 Bb7 12.axb5 axb5 13.Rxa8 Bxa8 14.Nf1 Na5 15.Ba2
Qd7 16.Ne3 c5 17.Nd5 Nxd5 18.exd5 b4 19.d4 Bf6 20.dxe5 dxe5 21.c4 Nb7 22.
Bb3 Re7 23.Nd2 Bg5 24.Ba4 Qd8 25.Ne4 Bxc1 26.Qxc1 f5 27.Ng3 Nd6 28.b3 Bb7 
29.f3 0-1

[Event "6th Africa-ch"]
[Site "Windhoek NAM"]
[Date "2007.09.09"]
[Round "9"]
[White "Sarwat, Walaa"]
[Black "Pascoal, Eduardo"]
[Result "1-0"]
[WhiteElo "2388"]
[BlackElo "2086"]
[EventDate "2007.09.01"]
[PlyCount "91"]

1.e4 e6 2.d4 d5 3.Nc3 Bb4 4.Ne2 dxe4 5.a3 Bxc3+ 6.Nxc3 Nc6 7.Bb5 Ne7 8.Bg5
f6 9.Be3 O-O 10.Qd2 a6 11.Bxc6 Nxc6 12.O-O-O f5 13.f3 e5 14.d5 Ne7 15.fxe4
f4 16.Bc5 Bg4 17.Rdf1 b6 18.Bf2 Nc8 19.h3 Bh5 20.g3 Nd6 21.Qd3 Qe7 22.Rhg1
Bg6 23.h4 fxg3 24.Bxg3 Rxf1+ 25.Rxf1 a5 26.Qf3 Qe8 27.Qg4 b5 28.Re1 b4 29.
Nb1 Rb8 30.a4 h5 31.Qf3 c6 32.Qd3 Rc8 33.b3 Kh7 34.Nd2 Rd8 35.Qa6 cxd5 36.
exd5 Nf5 37.Rxe5 Qf8 38.Bf2 Nh6 39.Re2 Rxd5 40.Qe6 Qf5 41.Qxf5 Nxf5 42.Nc4
Nd6 43.Ne5 Bf5 44.Bb6 Nc8 45.Bf2 Na7 46.Bxa7 1-0

[Event "6th Africa-ch"]
[Site "Windhoek NAM"]
[Date "2007.09.09"]
[Round "9"]
[White "Simutowe, Amon"]
[Black "Ezat, Mohamed"]
[Result "1-0"]
[WhiteElo "2421"]
[BlackElo "2438"]
[EventDate "2007.09.01"]
[PlyCount "83"]

1.d4 Nf6 2.c4 g6 3.Nc3 Bg7 4.Nf3 O-O 5.Bf4 d5 6.e3 c5 7.dxc5 Qa5 8.Rc1 
dxc4 9.Bxc4 Qxc5 10.Bb3 Nc6 11.O-O Qa5 12.h3 Bf5 13.Qe2 Ne4 14.Nd5 e5 15.
Bh2 Be6 16.Rfd1 Rad8 17.Qc4 Nf6 18.e4 Nd7 19.Qa4 Kh8 20.Qxa5 Nxa5 21.Ba4 
Nb6 22.Nxb6 axb6 23.Bxe5 Bxa2 24.Bxg7+ Kxg7 25.Rxd8 Rxd8 26.b4 Bb3 27.Bxb3
Nxb3 28.Rc7 Nd2 29.Ng5 Re8 30.Rxf7+ Kg8 31.Rxb7 h6 32.Nf7 Rxe4 33.Nxh6+ 
Kf8 34.f3 Rxb4 35.Ng4 Rb1+ 36.Kf2 Rb2 37.h4 Ne4+ 38.Kf1 Ng3+ 39.Kg1 Ne2+ 
40.Kf2 Nf4+ 41.Ke3 Re2+ 42.Kxf4 1-0

[Event "6th Africa-ch"]
[Site "Windhoek NAM"]
[Date "2007.09.09"]
[Round "9"]
[White "Solomon, Kenny"]
[Black "Abdelnabbi, Imed"]
[Result "1-0"]
[WhiteElo "2344"]
[BlackElo "2484"]
[EventDate "2007.09.01"]
[PlyCount "115"]

1.d4 e6 2.c4 Bb4+ 3.Bd2 a5 4.Nf3 d6 5.g3 Nc6 6.Bg2 e5 7.O-O Bxd2 8.Qxd2 
Bg4 9.dxe5 dxe5 10.Qe3 f6 11.Nc3 Nge7 12.Rfd1 Qc8 13.Nd5 O-O 14.Rac1 Kh8 
15.Nxe7 Nxe7 16.Nh4 Ra6 17.Rd2 Nc6 18.Bxc6 Rxc6 19.b3 Be6 20.Qe4 Re8 21.
Ng2 Bf5 22.Qf3 Bg4 23.Qc3 Ra6 24.Ne3 Bh3 25.Rcd1 f5 26.Rd5 f4 27.Ng2 Rae6 
28.Qxa5 fxg3 29.hxg3 Bf5 30.Qd2 Kg8 31.Ne3 Be4 32.Rd8 Rxd8 33.Qxd8+ Qxd8 
34.Rxd8+ Kf7 35.f3 Bc6 36.b4 Rg6 37.b5 Be8 38.Rc8 c6 39.Rc7+ Ke6 40.Rxb7 
cxb5 41.cxb5 Rxg3+ 42.Kf2 Rg5 43.a4 e4 44.f4 Rc5 45.Rxg7 h5 46.Rg5 Rc1 47.
Re5+ Kf7 48.Rxh5 Ra1 49.Rf5+ Kg7 50.Re5 Bg6 51.f5 Bf7 52.Rxe4 Rb1 53.Ng4 
Bh5 54.Rf4 Kf7 55.Ne5+ Kf6 56.Nd3 Ra1 57.b6 Ra2 58.Re4 1-0

[Event "Africa-ch playoff"]
[Site "Windhoek NAM"]
[Date "2007.09.10"]
[Round "10.1"]
[White "Abdel Razik, Khaled"]
[Black "Sarwat, Walaa"]
[Result "1-0"]
[WhiteElo "2372"]
[BlackElo "2388"]
[EventDate "2007.09.10"]
[PlyCount "89"]

1.d4 d5 2.Bf4 Nf6 3.e3 Bf5 4.c4 c6 5.Nc3 e6 6.Qb3 b6 7.Nf3 Bd6 8.Ne5 O-O 
9.h3 Ne4 10.cxd5 Nxc3 11.Qxc3 Qc7 12.Nxc6 Nxc6 13.Bxd6 Qxd6 14.dxc6 Rac8 
15.Rc1 Be4 16.c7 Bb7 17.Qa3 Qd7 18.Ba6 Rxc7 19.Rxc7 Qxc7 20.O-O Rc8 21.Bd3
Qc6 22.f3 f5 23.Qb3 Qd6 24.Bc4 Bd5 25.Bxd5 exd5 26.e4 Rc4 27.Qb5 Rxd4 28.
Qe8+ Qf8 29.Qe5 Qf6 30.Qxf6 gxf6 31.exf5 h5 32.g4 Kg7 33.Kg2 h4 34.Rf2 a5 
35.f4 Rd3 36.Rc2 d4 37.Rc7+ Kg8 38.Rc6 Rg3+ 39.Kf2 Kf7 40.Rxb6 Rxh3 41.g5 
fxg5 42.fxg5 d3 43.Rb7+ Ke8 44.g6 d2 45.g7 1-0

[Event "Africa-ch playoff"]
[Site "Windhoek NAM"]
[Date "2007.09.10"]
[Round "10.2"]
[White "Belkhodja, Slim"]
[Black "Simutowe, Amon"]
[Result "0-1"]
[WhiteElo "2478"]
[BlackElo "2421"]
[EventDate "2007.09.10"]
[PlyCount "106"]

1.e4 c5 2.Nf3 Nf6 3.e5 Nd5 4.Nc3 Nxc3 5.dxc3 Nc6 6.Bf4 e6 7.Bc4 a6 8.Qe2 
h6 9.h4 b5 10.Bd3 Bb7 11.Be4 Qc7 12.O-O-O Rd8 13.c4 bxc4 14.Qxc4 Na5 15.
Qa4 Bxe4 16.Qxe4 Rb8 17.Bd2 Nc6 18.h5 Qb7 19.Bc3 Nb4 20.Qxb7 Nxa2+ 21.Kd2 
Rxb7 22.Ra1 Nxc3 23.Kxc3 Be7 24.Rxa6 O-O 25.b3 f6 26.exf6 Bxf6+ 27.Kd3 Rc8
28.Nd2 Rb4 29.g3 Kf7 30.Ra7 Ke7 31.Nc4 Rcb8 32.Re1 R8b7 33.Ra6 Kf8 34.f4 
Rb8 35.Ne5 Rd4+ 36.Kc3 Rd5 37.Ra7 Kg8 38.Kb2 d6 39.c4 Rd3 40.Kc2 Rdxb3 41.
Ng6 Rxg3 42.Kc1 Rc3+ 43.Kd1 Rd3+ 44.Ke2 Rh3 45.Rb1 Re8 46.Rb6 d5 47.cxd5 
exd5+ 48.Kf2 Rxh5 49.Kf3 d4 50.Kg4 Rd5 51.Rxf6 h5+ 52.Kh4 gxf6 53.Re7 Red8
0-1

[Event "Africa-ch playoff"]
[Site "Windhoek NAM"]
[Date "2007.09.10"]
[Round "10.2"]
[White "Sarwat, Walaa"]
[Black "Abdel Razik, Khaled"]
[Result "0-1"]
[WhiteElo "2388"]
[BlackElo "2372"]
[EventDate "2007.09.10"]
[PlyCount "84"]

1.e4 e6 2.d4 d5 3.Nc3 Nf6 4.Nf3 Be7 5.Bd3 c5 6.exd5 cxd4 7.Bb5+ Bd7 8.Nxd4
exd5 9.O-O O-O 10.Bg5 Nc6 11.Re1 h6 12.Bh4 Rc8 13.Nf3 Be6 14.Ba4 g5 15.Bg3
Bb4 16.Bb3 Bxc3 17.bxc3 Ne4 18.Nd4 Qf6 19.Qh5 Kh7 20.Nxe6 fxe6 21.f3 Nxg3 
22.hxg3 Qxc3 23.Rad1 Qf6 24.Qg4 Rce8 25.Re2 Re7 26.c3 a6 27.Rde1 Rfe8 28.
Qh5 Kg7 29.Kh2 Qxc3 30.f4 Qf6 31.Rf2 Qg6 32.Qd1 Qf6 33.Bc2 Nd4 34.Bb1 e5 
35.Qh5 exf4 36.Rxe7+ Rxe7 37.gxf4 gxf4 38.Qd1 Re3 39.Kg1 f3 40.g3 Qe5 41.
Kh2 Re1 42.Rf1 Rxd1 0-1

[Event "Africa-ch playoff"]
[Site "Windhoek NAM"]
[Date "2007.09.10"]
[Round "11.2"]
[White "Simutowe, Amon"]
[Black "Abdel Razik, Khaled"]
[Result "0-1"]
[WhiteElo "2421"]
[BlackElo "2372"]
[EventDate "2007.09.10"]
[PlyCount "54"]

1.c4 e6 2.d4 d5 3.cxd5 exd5 4.Nc3 Be7 5.Nf3 Nf6 6.Bg5 O-O 7.e3 c6 8.Qc2 
Nbd7 9.Bd3 Re8 10.O-O Nf8 11.h3 Ng6 12.Ne5 Nh5 13.Bxe7 Qxe7 14.Nf3 Nf6 15.
Rab1 Ne4 16.b4 a6 17.Na4 Bf5 18.Nc5 Rad8 19.Rfe1 Rd6 20.Rb2 Nh4 21.Nxh4 
Qxh4 22.Kh2 Bxh3 23.Bxe4 Bg4+ 24.Kg1 Rh6 25.g3 Qh2+ 26.Kf1 dxe4 27.Qxe4 
Rxe4 0-1

[Event "Africa-ch playoff"]
[Site "Windhoek NAM"]
[Date "2007.09.10"]
[Round "11.3"]
[White "Abdel Razik, Khaled"]
[Black "Simutowe, Amon"]
[Result "1/2-1/2"]
[WhiteElo "2372"]
[BlackElo "2421"]
[EventDate "2007.09.10"]
[PlyCount "116"]

1.d4 Nf6 2.c4 e6 3.Nc3 Bb4 4.a3 Bxc3+ 5.bxc3 c5 6.e3 d6 7.Ne2 Nc6 8.Ng3 
O-O 9.e4 e5 10.d5 Na5 11.Bd3 Nd7 12.Qa4 b6 13.Nf5 Nb8 14.O-O g6 15.Ng3 f6 
16.Bh6 Rf7 17.f4 exf4 18.Bxf4 Qe7 19.h3 Nd7 20.Rf2 Ne5 21.Be2 Bd7 22.Qc2 
Naxc4 23.Raf1 Na5 24.Bh6 c4 25.Qd2 Nb3 26.Qf4 Kh8 27.Qh4 g5 28.Qh5 Rg8 29.
h4 Be8 30.Nf5 Qd8 31.hxg5 fxg5 32.Qh2 Nd2 33.Re1 Nxe4 34.Bh5 Nxf2 35.Rxe5 
Rf6 36.Bg7+ Rxg7 37.Rxe8+ Qxe8 38.Bxe8 Rxf5 39.Qxd6 Ne4 40.Qe6 Rf4 41.d6 
Nc5 42.Qc8 Rf8 43.Qc6 Rf6 44.Bh5 Rd7 45.Qd5 h6 46.Qe5 Rxd6 47.Qe8+ Kg7 48.
Qe7+ Kg8 49.Bf7+ Rxf7 50.Qxd6 Kh7 51.Qd5 Rf4 52.g3 Re4 53.Qf7+ Kh8 54.Qxa7
Re6 55.Qf7 g4 56.Qf4 Re1+ 57.Kg2 Re2+ 58.Kf1 Re1+ 1/2-1/2

[Event "Africa-ch playoff"]
[Site "Windhoek NAM"]
[Date "2007.09.10"]
[Round "11.4"]
[White "Simutowe, Amon"]
[Black "Abdel Razik, Khaled"]
[Result "0-1"]
[WhiteElo "2421"]
[BlackElo "2372"]
[EventDate "2007.09.10"]
[PlyCount "64"]

1.c4 e6 2.d4 d5 3.Nf3 c5 4.cxd5 exd5 5.Nc3 Nc6 6.g3 Nf6 7.Bg2 Be7 8.O-O 
O-O 9.b3 Ne4 10.Bb2 Bf6 11.Na4 b6 12.Rc1 Ba6 13.Re1 c4 14.Ne5 Rc8 15.bxc4 
Qe8 16.cxd5 Nxe5 17.Rxc8 Bxc8 18.dxe5 Bxe5 19.Bxe4 Bxb2 20.Bxh7+ Kxh7 21.
Nxb2 Kg8 22.Qd4 Qb5 23.Nd3 Qa5 24.Ra1 Re8 25.e4 Qd2 26.Qe3 Qxe3 27.fxe3 
Rxe4 28.Rc1 Bf5 29.Rc7 Rxe3 30.Nb4 Re2 31.Rxa7 Bh3 32.Ra8+ Kh7 0-1